International Focus on the Balkans (Record no. 113769)

MARC details
000 -LEADER
fixed length control field 01137cad a22002655a 4500
001 - CONTROL NUMBER
control field L155703
008 - FIXED-LENGTH DATA ELEMENTS--GENERAL INFORMATION
fixed length control field 120403s2012 xxk 000 0 eng d
035 ## - SYSTEM CONTROL NUMBER
System control number (Sirsi) u155703
041 0# - LANGUAGE CODE
Language code of text/sound track or separate title eng
110 2# - MAIN ENTRY--CORPORATE NAME
Corporate name or jurisdiction name as entry element EC Harris
9 (RLIN) 4930
245 00 - TITLE STATEMENT
Title International Focus on the Balkans
Remainder of title Balkans slowly recover from the recession although euro problem could create further issues
Medium [electronic resource]
260 ## - PUBLICATION, DISTRIBUTION, ETC.
Place of publication, distribution, etc. [S.l.]
Name of publisher, distributor, etc. ECHarris
Date of publication, distribution, etc. 2012
490 #0 - SERIES STATEMENT
Series statement EC Harris Research
Volume/sequential designation Spring 2012
520 ## - SUMMARY, ETC.
Summary, etc. A look at the economics, the real estate market, investment, the construction industry, and employment and wages in Serbia, Croatia, Montenegro, Bosnia Herzegovina, and Macedonia; a snapshot look at economy and construction in the Balkans.
590 ## - LOCAL NOTE (RLIN)
Local note KA NTK
651 #4 - SUBJECT ADDED ENTRY--GEOGRAPHIC NAME
Geographic name Serbia
651 #4 - SUBJECT ADDED ENTRY--GEOGRAPHIC NAME
Geographic name Croatia
651 #4 - SUBJECT ADDED ENTRY--GEOGRAPHIC NAME
Geographic name Montenegro
651 #4 - SUBJECT ADDED ENTRY--GEOGRAPHIC NAME
Geographic name Bosnia And Herzegovina
651 #4 - SUBJECT ADDED ENTRY--GEOGRAPHIC NAME
Geographic name Macedonia
690 ## - LOCAL SUBJECT ADDED ENTRY--TOPICAL TERM (OCLC, RLIN)
Topical term or geographic name as entry element Construction management
9 (RLIN) 6230
690 ## - LOCAL SUBJECT ADDED ENTRY--TOPICAL TERM (OCLC, RLIN)
Topical term or geographic name as entry element Commercial property
9 (RLIN) 6227
856 40 - ELECTRONIC LOCATION AND ACCESS
Uniform Resource Identifier <a href="https://www.echarris.com/pdf/8220_International_Focus_on_the_Balkans_FINAL.pdf">https://www.echarris.com/pdf/8220_International_Focus_on_the_Balkans_FINAL.pdf</a>
Public note View the item free of charge at www.echarris.com
942 ## - ADDED ENTRY ELEMENTS (KOHA)
Suppress in OPAC 0
Holdings
Withdrawn status Lost status Source of classification or shelving scheme Damaged status Not for loan Home library Current library Shelving location Date acquired Total Checkouts Full call number Barcode Date last seen Copy number Price effective from Koha item type
    Dewey Decimal Classification     Virtual Virtual Online 03/04/2012   ONLINE PUBLICATION 155703-2001 06/08/2019 1 06/08/2019 Book